00000000nam##2200000za#4500
0019.632215
003CaOODSP
00520210624214711
007cr |||||||||||
008150407|2005||||xxc|||||o    f|0| 0 fre|d
020 |a0-662-70103-8
040 |aCaOODSP|bfre
043 |an-cn---
0861 |aSC3-112/2005F-PDF
1102 |aCommission de la Fonction publique du Canada.
24510|aCommission de la fonction publique du Canada : manuel de vérification |h[ressource électronique]
260 |aOttawa - Ontario : |bCommission de la Fonction publique |cJanvier 2005.
300 |a106p.|bfigures (certaines en couleur), organigramme, tableaux
500 |aLe n° de catalogue (SC3-112/2005F) et l'ISBN (0-662-71196-3) de l'édition imprimée ont été incorrectement copiés dans l'édition électronique.
590 |a11-17-Supp|b2011-09-12
69107|aManuel|2gcpds
69107|aPolitique|2gcpds
69107|aVérification|2gcpds
77508|tPublic Service Commission of Canada - audit manual |w(CaOODSP)9.687773
85640|ahttp://publications.gc.ca|qPDF|s524 Ko|uhttps://publications.gc.ca/collections/collection_2011/cfp-psc/SC3-112-2005-fra.pdf